Quiz do Djibouti - Statistics

Estatísticas Gerais
  • Esse quiz foi jogado 649 vezes
  • A pontuação média é 10 de 16
Estatísticas das Respostas
Dica Resposta % Correto
Países fazendo fronteira com o Djibouti Somália
90%
Países fazendo fronteira com o Djibouti Etiópia
89%
Países fazendo fronteira com o Djibouti Eritreia
86%
País asiático que fica apenas a 20 km de Djibouti Iémen
86%
Religião oficial Islã
83%
Península onde o Djibouti está situado {Chifre} da África
78%
Línguas oficiais Francês
78%
Capital do Djibouti Djibouti
77%
Dois corpos d'água conectados por aquele estreito Mar {Vermelho}
71%
Línguas oficiais Árabe
69%
O Djibouti fazia parte deste império entre 1577 e 1867 Império Otomano
50%
Dois corpos d'água conectados por aquele estreito Golfo de {Adem}
36%
Moeda oficial Franco
32%
Apenas 0,09% da terra do Djibouti é isso, significando que pode ser cultivada
* a menor porcentagem de qualquer país
Arável
28%
Estreito estratégico localizado entre o Djibouti e o acima Babel{mândebe}
15%
Este reino antigo existia por volta do Djibouti antes de 1000 a.C.
* dica: começa com P
Punte
11%
Nenhum quiz correspondente encontrado
Distribuição das Pontuações
Porcentagem de Pessoas com Cada Pontuação
Percentil de Números Respondidos
Sua Pontuação Histórica
Você não jogou esse quiz